| 000 | 01694cam a2200289 a 4500 | ||
|---|---|---|---|
| 999 |
_c2716 _d2716 |
||
| 001 | 4584246 | ||
| 003 | OSt | ||
| 005 | 20230815075224.0 | ||
| 008 | 090324s2009 tmaabc be 001 0 eng | ||
| 020 | _a9780646498270 | ||
| 037 | _bMy Favourite Company Pty Ltd., GPO Box 1719, Hobart TAS 7001 | ||
| 040 |
_aANL _beng _cKH8 |
||
| 042 | _aanuc | ||
| 043 | _aa-my--- | ||
| 082 | 0 | 4 | _a959.5 TUN |
| 100 | 1 |
_aTunku Halim, _d1964- _eauthor. |
|
| 245 | 1 | 0 |
_aHistory of Malaysia : _ba children's encyclopedia / _cTunku Halim. |
| 260 |
_aHobart, Tas. : _bMy Favourite Company, _c2009. |
||
| 300 |
_a144 p. : _bcol. ill., col. maps, ports. ; _c26 cm. |
||
| 500 | _a"Tunku Halim"--Cover. | ||
| 500 | _aIncludes index. | ||
| 504 | _aBibliography: p. 130-133. | ||
| 520 | _aEvery member of the family will enjoy this engaging encyclopedia. Its richly illustrated pages not only bring Malaysian history to life, but its clear and comprehensive explanations make it an essential resource. It helps children understand the country s history and how it relates to today s news. It records a dazzling panorama of peoples, cultures and events from the Stone Age until the present day. The main sections include regional maps, an encyclopedic A to Z, beginners to advance quizzes, a historical time chart, a chronology and glossary. Discover the mystery of the Living Stones, find out who invaded the Srivijaya Empire, why the Dutch attacked Portuguese Melaka, how Raffles settled Singapore, when the Ghee Hins fought the Hai Sans, what happened during the Emergency, how Malaya became Malaysia, and much more. | ||
| 651 | 0 |
_aMalaysia _xHistory. |
|
| 700 |
_aMcAteer, Sally, _eillustrator. |
||
| 942 |
_2ddc _cTR |
||